Online katalóg knižníc regiónu Turca

Staré osídlenie Slovenska (Record no. 20629)

MARC details
000 -LEADER
fixed length control field 03602cam a2200865 a 4500
001 - CONTROL NUMBER
control field 20629
003 - CONTROL NUMBER IDENTIFIER
control field VRT
005 - DATE AND TIME OF LATEST TRANSACTION
control field 20260128114904.0
008 - FIXED-LENGTH DATA ELEMENTS--GENERAL INFORMATION
fixed length control field 251104s1938 xo odabfrn 011 0 slo
015 ## - NATIONAL BIBLIOGRAPHY NUMBER
National bibliography number SNBA19191938-004336
020 ## - INTERNATIONAL STANDARD BOOK NUMBER
Qualifying information (brožované)
035 ## - SYSTEM CONTROL NUMBER
System control number SK01SNKBSKHR20010068637
035 ## - SYSTEM CONTROL NUMBER
System control number SKM000071100
039 #9 - LEVEL OF BIBLIOGRAPHIC CONTROL AND CODING DETAIL [OBSOLETE]
Level of rules in bibliographic description 202511040844
Level of effort used to assign nonsubject heading access points VLOAD
Level of effort used to assign subject headings 202504021509
Level of effort used to assign classification msnk160
Level of effort used to assign subject headings 202504021502
Level of effort used to assign classification msnk160
Level of effort used to assign subject headings 202504021456
Level of effort used to assign classification msnk160
040 ## - CATALOGING SOURCE
Original cataloging agency SNK
Language of cataloging slo
Transcribing agency SNK
Description conventions AACR2
041 0# - LANGUAGE CODE
Language code of text/sound track or separate title slo
Language code of summary or abstract ger
043 ## - GEOGRAPHIC AREA CODE
Geographic area code e-xo---
-- e-xo---
-- e-hu---
044 ## - COUNTRY OF PUBLISHING/PRODUCING ENTITY CODE
MARC country code xo
ISO country code SK
072 #7 - SUBJECT CATEGORY CODE
Subject category code 902
Subject category code subdivision Archeológia
Source konspekt
072 #7 - SUBJECT CATEGORY CODE
Subject category code 325
Subject category code subdivision Medzinárodná migrácia, exil, kolonizácia
Source konspekt
072 #7 - SUBJECT CATEGORY CODE
Subject category code 94(437.6)
Subject category code subdivision Dejiny Slovenskej republiky
Source konspekt
080 ## - UNIVERSAL DECIMAL CLASSIFICATION NUMBER
Universal Decimal Classification number 325
Edition identifier 2011
080 ## - UNIVERSAL DECIMAL CLASSIFICATION NUMBER
Universal Decimal Classification number 902/908
Edition identifier 2011
080 ## - UNIVERSAL DECIMAL CLASSIFICATION NUMBER
Universal Decimal Classification number 903
Edition identifier 2011
080 ## - UNIVERSAL DECIMAL CLASSIFICATION NUMBER
Universal Decimal Classification number 902:904
Edition identifier 2011
080 ## - UNIVERSAL DECIMAL CLASSIFICATION NUMBER
Universal Decimal Classification number (437.6)
Edition identifier 2011
080 ## - UNIVERSAL DECIMAL CLASSIFICATION NUMBER
Universal Decimal Classification number (048.8)
Edition identifier 2011
080 ## - UNIVERSAL DECIMAL CLASSIFICATION NUMBER
Universal Decimal Classification number 902:911.37
Edition identifier 2011
080 ## - UNIVERSAL DECIMAL CLASSIFICATION NUMBER
Universal Decimal Classification number (282.243)
Edition identifier 2011
080 ## - UNIVERSAL DECIMAL CLASSIFICATION NUMBER
Universal Decimal Classification number 902.2
Edition identifier 2011
100 1# - MAIN ENTRY--PERSONAL NAME
Personal name Janšák, Štefan,
Dates associated with a name 1886-1972
Relationship aut
245 10 - TITLE STATEMENT
Title Staré osídlenie Slovenska
Remainder of title Dolný Hron a Ipeľ v praveku
Statement of responsibility, etc. Štefan Janšák
260 ## - PUBLICATION, DISTRIBUTION, ETC.
Place of publication, distribution, etc. Turčiansky Svätý Martin
Name of publisher, distributor, etc. Matica slovenská
Date of publication, distribution, etc. 1938
300 ## - PHYSICAL DESCRIPTION
Extent xv, 176 strán, 32 strán obrazových príloh
Other physical details fotografie, grafy, ilustrácie, mapy, plány, schémy,
Dimensions 24 cm
490 1# - SERIES STATEMENT
Series statement Spisy Historického odboru Matice slovenskej
Volume/sequential designation sv. 3
500 ## - GENERAL NOTE
General note Mapy a plány so slovenským, nemeckým a francúzskym popisom. Dodatok. Obsah aj v nemčine
500 ## - GENERAL NOTE
General note Obsahuje 5 kapitol
504 ## - BIBLIOGRAPHY, ETC. NOTE
Bibliography, etc. note Obsahuje bibliografické odkazy. Register vecný, mien osobných a zemepisných na strane 167-176
546 ## - LANGUAGE NOTE
Language note Nemecké resumé
650 07 - SUBJECT ADDED ENTRY--TOPICAL TERM
Topical term or geographic name entry element osídľovanie
Source of heading or term SNKPH
650 07 - SUBJECT ADDED ENTRY--TOPICAL TERM
Topical term or geographic name entry element pravek
Source of heading or term SNKPH
650 07 - SUBJECT ADDED ENTRY--TOPICAL TERM
Topical term or geographic name entry element sídelná archeológia
Source of heading or term SNKPH
650 07 - SUBJECT ADDED ENTRY--TOPICAL TERM
Topical term or geographic name entry element archeologické nálezy
Source of heading or term SNKPH
650 07 - SUBJECT ADDED ENTRY--TOPICAL TERM
Topical term or geographic name entry element prehistória
Source of heading or term SNKPH
650 07 - SUBJECT ADDED ENTRY--TOPICAL TERM
Topical term or geographic name entry element archeologické lokality
Source of heading or term SNKPH
650 07 - SUBJECT ADDED ENTRY--TOPICAL TERM
Topical term or geographic name entry element archeologické výskumy
Source of heading or term SNKPH
651 #7 - SUBJECT ADDED ENTRY--GEOGRAPHIC NAME
Geographic name Slovensko
General subdivision dejiny
Source of heading or term SNKPHgeo
651 #7 - SUBJECT ADDED ENTRY--GEOGRAPHIC NAME
Geographic name Hron (Slovensko : rieka : povodie)
Source of heading or term SNKPHgeo
651 #7 - SUBJECT ADDED ENTRY--GEOGRAPHIC NAME
Geographic name Ipeľ (Slovensko a Maďarsko : rieka : povodie)
Source of heading or term SNKPHgeo
655 #7 - INDEX TERM--GENRE/FORM
Genre/form data or focus term štúdie
Source of term SNKPH
655 #7 - INDEX TERM--GENRE/FORM
Genre/form data or focus term monografie
Source of term SNKPH
740 02 - ADDED ENTRY--UNCONTROLLED RELATED/ANALYTICAL TITLE
Uncontrolled related/analytical title Zemepisný a geologický charakter dolného Hrona a Ipľa
740 02 - ADDED ENTRY--UNCONTROLLED RELATED/ANALYTICAL TITLE
Uncontrolled related/analytical title Sídlištia v povodí Dunaja
740 02 - ADDED ENTRY--UNCONTROLLED RELATED/ANALYTICAL TITLE
Uncontrolled related/analytical title Sídlištia v povodí Hrona
740 02 - ADDED ENTRY--UNCONTROLLED RELATED/ANALYTICAL TITLE
Uncontrolled related/analytical title Sídlištia v povodí Ipľa
740 02 - ADDED ENTRY--UNCONTROLLED RELATED/ANALYTICAL TITLE
Uncontrolled related/analytical title Hronské a Ipeľské nálezy v rámci podunajských kultúr
752 ## - ADDED ENTRY--HIERARCHICAL PLACE NAME
Country or larger entity Slovensko
City Martin
830 #0 - SERIES ADDED ENTRY--UNIFORM TITLE
Uniform title Spisy Historického odboru Matice slovenskej
942 ## - ADDED ENTRY ELEMENTS (KOHA)
Source of classification or shelving scheme Dewey Decimal Classification
Koha item type Krásna literatúra pre dospelých
Suppress in OPAC No
949 ## - LOCAL PROCESSING INFORMATION (OCLC)
6 17A0402743
a snkSC 1950/3 D1
b snk805/55
949 ## - LOCAL PROCESSING INFORMATION (OCLC)
6 273K0414104
a svkpoB 12051
b svkpo47400
949 ## - LOCAL PROCESSING INFORMATION (OCLC)
6 3869A09325
a bpksh943.76
b bpksh8934
949 ## - LOCAL PROCESSING INFORMATION (OCLC)
6 2889010383
a savukS 9458
949 ## - LOCAL PROCESSING INFORMATION (OCLC)
6 2889093184
a savukIB 660/3
949 ## - LOCAL PROCESSING INFORMATION (OCLC)
6 270001000321343
a svkbbS 17018
b svkbbm 35308
p Proveniencia: Pečiatka: Mestská Verejná Knižnica Banská Bystrica
949 ## - LOCAL PROCESSING INFORMATION (OCLC)
6 270001000321346
a svkbbS 17018b
b svkbbm 452084
p Proveniencia: Pečiatka: Príručná Knižnica Oor v Lučenci
949 ## - LOCAL PROCESSING INFORMATION (OCLC)
6 17A0519934
a snkSC 1950/3 D2
b snkI.1618/38
949 ## - LOCAL PROCESSING INFORMATION (OCLC)
6 17A0727574
a snkSC 1950/3
b snk1482/38
o T. 1619/38
949 ## - LOCAL PROCESSING INFORMATION (OCLC)
6 273K0414105
a svkpoB 12051a
b svkpo184448
949 ## - LOCAL PROCESSING INFORMATION (OCLC)
6 273K0414103
a svkpoB 12051b
b svkpo249175
949 ## - LOCAL PROCESSING INFORMATION (OCLC)
6 3830001092700
a kurukY1/72
b kuruk2014/F6303
o D2014/Jozef Mlacek - kat.žur. FF KU/9.6.2014
949 ## - LOCAL PROCESSING INFORMATION (OCLC)
6 0133013212
a snmk
b snmk13212
Holdings
Stav vyradenia Strata Poškodenie Spôsob nadobudnutia Domovská knižnica Aktuálna knižnica Dátum nadobudnutia Total checkouts Čiarový kód exemplára Date last seen Typ exemplára
      Dar Obecná knižnica Horná Štubňa Obecná knižnica Horná Štubňa 28.01.2026   4736200747 28.01.2026 Odborná literatúra pre dospelých
Projekt je podporený Slovenskou asociáciou knižníc
Prevádzkuje Turčianska knižnica Martin 2026